00693nam a2200181 a 4500008004100000020001800041050002000059100002400079245016900103260003300272300003400305350001400339650003800353650005300391650002200444650002000466700002500486091027s2007 ||||||||||||||||| || u a9789982500050 aDT 3192.T85 Cho aChondoka, Yizenge A12aA history of the Tumbuka from 1400 to 1900: the Tumbuka under the M'nyanjagha, Chewa, Balowoka, Senga and Ngoni chiefs.cYizenge A. Chondoka and Frackson Fwila Bota aLusakabAcademic Pressc2007 axx, 217 pages : illustrations a100000.00 aTUMBUKA (AFRICAN PEOPLE)--HISTORY aTUMBUKA(AFRICAN PEOPLE)--SOCIAL LIFE AND CUSTOMS aETHNOLOGY--ZAMBIA 0aAFRICA--HISTORY aBota, Frackson Fwila